00336 2200145 4500001002100000005001500021035002000036245003600056100001700092300001200109260003500121082000800156084001400164990001200178INLIS00000000000192920250521022341 a0010-05250002211 aGaul Gaya Rosul /cAisha Chuang0 aAisha Chuang a106 hlm aJakarta :bQultum Media,c2007 a200 a200 AIS g a0713448